| 000 | 00696nam a2200241 a 4500 | ||
|---|---|---|---|
| 001 | BRCA_3963 | ||
| 005 | 20190320204507.0 | ||
| 008 | 140110s1941----gw-a######---#000-0#ger-# | ||
| 041 | _ager | ||
| 044 | _agw | ||
| 050 | 4 |
_aN6861 _b.D44 1941 |
|
| 100 | 1 |
_aDehio, Georg Gottfried _d1850-1932. _910309 |
|
| 245 | 1 | 0 |
_aHandbuch der deutschen Kunstdenkmaler in der Ostmark _cGeorg Dehio. |
| 250 | _a2 | ||
| 260 |
_aBerlĂn _bDeutscher Kunstverlag _c1941 |
||
| 300 |
_a2 v. _bil. _c18 cm. |
||
| 500 | _aCDE34 | ||
| 505 | 0 | _aContenido: v.1. Wien und Niederdonau. -- v.2. Oberdonau | |
| 650 | 1 | 4 |
_aArte _zAlemania _910310 |
| 650 | 1 | 4 |
_aArquitectura _zAlemania _910311 |
| 902 | _aGFM | ||
| 942 |
_2lcc _cB |
||
| 999 |
_c3690 _d3690 |
||